Thành phần câu tiếng Việt
Tổng quan:Lịch sử vấn đề, giải pháp cho vấn đề thành phần câu tiếng Việt; Các thành phần chính của câu: Nòng cốt câu, vị ngữ, chủ ngữ, bổ ngữ; Các thành phần phụ của câu: Khởi ngữ, tình thái ngữ, định ngữ câu, trạng ngữ.......
محفوظ في:
| المؤلف الرئيسي: | |
|---|---|
| مؤلفون آخرون: | |
| التنسيق: | كتاب |
| اللغة: | Vietnamese |
| منشور في: |
H.
Giáo dục
2004
|
| الموضوعات: | |
| الوسوم: |
إضافة وسم
لا توجد وسوم, كن أول من يضع وسما على هذه التسجيلة!
|
| Thư viện lưu trữ: | Mạng thư viện Đại học Đà Nẵng |
|---|
| LEADER | 01513nam a2200373 4500 | ||
|---|---|---|---|
| 001 | 000007991 | ||
| 003 | 4171 | ||
| 005 | 20120529150540.0 | ||
| 008 | 111013s2004 viesd | ||
| 020 | |c 47200đ | ||
| 041 | 0 | |a vie | |
| 082 | |a 495.9225 |b NG-T | ||
| 100 | 0 | |a Nguyễn Minh Thuyết | |
| 245 | 0 | |a Thành phần câu tiếng Việt |c Nguyễn Minh Thuyết(ch.b), Nguyễn Văn Hiệp | |
| 260 | |a H. |b Giáo dục |c 2004 | ||
| 300 | |a 399tr. |c 21cm | ||
| 504 | |a Thư mục tr: 380-396 | ||
| 520 | |a Tổng quan:Lịch sử vấn đề, giải pháp cho vấn đề thành phần câu tiếng Việt; Các thành phần chính của câu: Nòng cốt câu, vị ngữ, chủ ngữ, bổ ngữ; Các thành phần phụ của câu: Khởi ngữ, tình thái ngữ, định ngữ câu, trạng ngữ.... | ||
| 653 | |a Văn học | ||
| 653 | |a Thành phần câu | ||
| 653 | |a Tiếng Việt | ||
| 700 | |a Nguyễn Minh Thuyết |e chủ biên | ||
| 700 | |a Nguyễn Văn Hiệp |e Tác giả | ||
| 910 | |a Lê Thị Hoài Thanh |d 13/10/2011 | ||
| OWN | |a LSP | ||
| AVA | |a UDN50 |b LSP |d 495.9225 NG-T |e check_holdings |t Error 5003 Not defined in file expand_doc_bib_avail. |h N |k 1 | ||
| 999 | |a From the UDN01 | ||
| AVA | |a UDN50 |b LSP |d 495.9225 NG-T |e available |t Error 5001 Not defined in file expand_doc_bib_avail. |f 47 |g 0 |h N |i 12 |k 1 | ||
| TYP | |a Monograph | ||
| TYP | |a Printed language | ||
| 980 | |a Mạng thư viện Đại học Đà Nẵng | ||